| 000 | 01466nam a2200313 4500 | ||
|---|---|---|---|
| 003 | EC-UNACH | ||
| 005 | 20251008112107.0 | ||
| 006 | s||||gr|||| 00| 00 | ||
| 008 | 150116t9999 mx r gr 000 0 spa d | ||
| 020 | _a978-958-648-664-4 | ||
| 040 |
_aEC-UNACH _cEC-UNACH |
||
| 041 | _aspa | ||
| 082 | 0 | 4 |
_223 _a620.82 _bL011569 |
| 110 | _aEcoe Ediciones | ||
| 245 | _aErgonomía aplicada | ||
| 250 | _aPrimera edición | ||
| 264 |
_aBogotá _bEcoe Ediciones _c2010 |
||
| 300 |
_a218 páginas _bFiguras |
||
| 505 | _aCapítulo 1. Principios de economía -- Capítulo 2. Determinantes -- Capítulo 3. Factores humanos -- Capítulo 4. Percepción -- Capítulo 5. Modalidades sensoriales y órganos de los sentidos -- Capítulo 6. Impulsos generales emocionales. Conductas instintivas -- Capítulo 7. Factores psicológicos -- Capítulo 8. Factores sociológicos -- Capítulo 9. Entorno -- Capítulo 10. Conjunto operante -- Capítulo 11. Métodos de investigación -- Capítulo 12. Ejemplo de desarrollo de un estudio económico -- Capítulo 13. Fuentes de consulta/ referencias de normas y estándares -- Glosario -- Bibliografía. | ||
| 650 | _aANATOMÍA | ||
| 650 | _aDIMENSIONES ANTROPOMÉTRICAS | ||
| 650 | _aPERCEPCIÓN | ||
| 700 | _aCruz, Alberto | ||
| 700 | _aGarnica, Andrés | ||
| 942 |
_c1 _2ddc |
||
| 999 | _c13993 | ||